Μαρίνος Γερουλάνος : 1867-1960

Αποθηκεύτηκε σε:
Λεπτομέρειες βιβλιογραφικής εγγραφής
Κύριος συγγραφέας: Αναγνωστόπουλος-Παλαιολόγος, Θάνος
Μορφή: Βιβλίο
Γλώσσα:Greek
Δημοσίευση: Αθήναι : [χ.ό.], 1967
Θέματα:
Ετικέτες: Προσθήκη ετικέτας
Δεν υπάρχουν, Καταχωρήστε ετικέτα πρώτοι!

MARC

LEADER 00000cam a2200000 i 4500
001 1/95148
008 081009s1967 gre d
035 |l 10100750 
040 |a GR-MY-UA  |b gre  |e aacr 
041 0 |a gre 
082 0 |a 610.92  |2 (22) 
100 1 |a Αναγνωστόπουλος-Παλαιολόγος, Θάνος. 
245 1 0 |a Μαρίνος Γερουλάνος :  |b 1867-1960 /  |c υπό Θ. Αναγνωστοπούλου-Παλαιολόγου 
260 |a Αθήναι :   |b [χ.ό.],   |c 1967 
300 |a 12 σ.;  |c 24 εκ. 
600 1 0 |a Γερουλάνος, Μαρίνος,   |d 1867-1960. 
650 0 0 |a Medicine  |x History  |x Bibliographies. 
650 0 0 |a Physicians  |x Biography. 
852 |a INST  |b RHODES  |c AKA  |e 20081009  |h  610.92 ΑΝΑ  |p 005400030881  |q 005400030881  |t BK  |y 0 
901 |a BIBL4-2008-3 
909 |a Ρ  |b 153212 
970 |a ΚΟΖΑ  |b ΜΑΡΙΑ  |z 2008/10/09